Bible by Letter - D - Statistics

General Stats
  • This quiz has been taken 93 times
  • The average score is 10 of 15
Answer Stats
Hint Answer % Correct
One of the tribes of Israel Dan
96%
Person who was thrown into the lion's den Daniel
96%
Second King of Israel David
96%
God created to world in seven ____ Days
96%
Animal that returned to the ark with a olive leaf Dove
95%
The city that Paul was travelling to just prior to when he meet God, and was blinded Damascus
91%
Woman who cut off Samson's hair Delilah
86%
Balaam's animal, which could talk Donkey
86%
Last book of the law (also known as the Torah) Deuteronomy
65%
King of Persia, who's decree put (above) into the lion's den, despite being a friend Darius
61%
The only female judge and prophetess Deborah
48%
Satan's animal in the Book of Revelations Dragon
44%
"If I go up to the heavens, you are there; if I make my bed in the ______, you are there Depths
33%
Currency sometimes used in the Bible Denarius
28%
City that Paul visited in his first missionary journey, after fleeing from Lystra Derbe
10%
No matching quizzes found
Score Distribution
Percent of People with Each Score
Percentile by Number Answered
Your Score History
You have not taken this quiz